000 00675nam a22001937a 4500
999 _c31871
_d31871
003 OSt
005 20210415145632.0
008 210415b ||||| |||| 00| 0 eng d
040 _cBCRI
082 _a323.347
110 1 _943154
_aInstituto Salvadoreño para el Desarrollo de la Mujer‏
245 _aLineamientos institucionales para la igualdad sustantiva 2014
_cInstituto salvadoreño para el desarrollo de la mujer
250 _a2ª ed.
260 _aSan Salvador
_bImpresora El Sistema
_c2014
300 _a56 p.
_bil.
_c23 cm.
500 _aContiene tabla de contenido en p. 5
650 0 _918352
_aMujeres
_xDerechos
_zEl Salvador
942 _2ddc
_cBK
_hprozim